|
|
|
|
| LEADER |
00000cam a2200000 a 4500 |
| 001 |
vtls010462942 |
| 003 |
SK-MaSNL |
| 005 |
20260302050041.0 |
| 008 |
240318s2012 xo e 000 0dslo |
| 015 |
|
|
|a SNBA2013/07
|
| 020 |
|
|
|a 9788081092114
|q (brož.)
|
| 035 |
|
|
|a 3F9A8001-39DB-4C0C-B330-0BF5FE56699E
|
| 035 |
|
|
|a urn:nbn:sk:snk-amjlv7
|
| 035 |
|
|
|a urn:nbn:sk:snk-am002a4b
|
| 040 |
|
|
|a SNK
|b slo
|c SNK
|e AACR2
|
| 041 |
1 |
|
|a slo
|h eng
|
| 044 |
|
|
|a xo
|c SK
|
| 072 |
|
7 |
|a 17
|x Etika. Morálna filozofia
|2 konspekt
|
| 072 |
|
7 |
|a 159.92
|x Vývinová psychológia. Psychológia osobnosti
|2 konspekt
|
| 080 |
|
|
|a 17.024.4
|2 2001
|
| 080 |
|
|
|a 17.023.34
|2 2001
|
| 080 |
|
|
|a 159.923.5
|2 2001
|
| 080 |
|
|
|a 17.02
|2 2001
|
| 080 |
|
|
|a (0.062)
|2 2001
|
| 100 |
1 |
|
|a Tracy, Brian,
|d 1944-
|4 aut
|9 100795
|
| 240 |
1 |
0 |
|a Kiss That Frog! 12 GreatWaysto Turn Negatives into Positives in Your Life and Work
|l Slovensky
|
| 245 |
1 |
0 |
|a Pobozkajte žabu
|b 12 účinných spôsobov ako zmeniť negatívne myslenie na pozitívne a žiť lepší život
|c Brian Tracy & Christina Tracy Stein ; [z anglického originálu preložila Lenka Polková]
|
| 250 |
|
|
|a [1. vyd.]
|
| 260 |
|
|
|a Bratislava
|b Eastone Books
|c 2012
|
| 300 |
|
|
|a 128 s.
|c 21 cm
|
| 490 |
1 |
|
|a Open Mind
|
| 500 |
|
|
|a Biogr. údaje
|
| 650 |
0 |
7 |
|a úspech
|2 SNKPH
|9 3804
|
| 650 |
0 |
7 |
|a šťastie
|2 SNKPH
|9 24114
|
| 650 |
0 |
7 |
|a pozitívne myslenie
|2 SNKPH
|9 4009
|
| 650 |
0 |
7 |
|a životná harmónia
|2 SNKPH
|9 4976
|
| 650 |
0 |
7 |
|a Succes
|2 SNKPHeng
|9 276243
|
| 650 |
0 |
7 |
|a Happines
|2 SNKPHeng
|9 328193
|
| 650 |
0 |
7 |
|a Positive thinking
|2 SNKPHeng
|9 266375
|
| 650 |
0 |
7 |
|a Harmony of life
|2 SNKPHeng
|9 306452
|
| 655 |
|
7 |
|a populárno-náučné publikácie
|2 SNKPH
|9 70460
|
| 655 |
|
7 |
|a Popular works
|2 SNKPHeng
|9 90287
|
| 700 |
1 |
|
|a Tracy Stein, Christina
|4 aut
|9 550830
|
| 700 |
1 |
|
|a Polková, Lenka
|4 trl
|9 325744
|
| 830 |
|
0 |
|a Open Mind
|9 313701
|
| 852 |
|
|
|a Štátna vedecká knižnica v Banskej Bystrici
|
| 919 |
|
|
|a 978-80-8109-211-4
|
| 958 |
|
|
|a OP
|
| 968 |
|
|
|b ENG
|
| 999 |
|
|
|c 1095713
|d 1097643
|
| 952 |
|
|
|a SNK
|b SNK
|y PREZ
|7 0
|p 17A1072744
|o snkSC 154992
|i snk2013/14495
|8 0
|0 0
|1 0
|4 0
|d 2013-06-21
|l 0
|r 2025-07-25 00:00:00
|w 2026-02-24
|
| 952 |
|
|
|a SNK
|b SNK
|y VYP
|7 0
|p 17A1072745
|o snkSC 154992 D1
|i snk2013/14496
|8 0
|0 0
|1 0
|4 0
|d 2013-06-21
|l 0
|r 2026-02-24 17:12:35
|w 2026-02-24
|